000 00555nam a2200181 a 4500
005 20140310183143.0
008 020823s19uu xx 00 eng d
050 _aTK 5101
_b.C69 2001
100 _aCouch, Leon II, W.
245 _aDigital and analog communication systems /
_cLeon W. Couch II.
260 _aNew York :
_bMaxwell Macmillan International,
_c2001.
300 _axxix, 827 p. :
_bill. ;
_c24 cm.
521 _aIT
546 _aC0396
650 _atelecommunication systems
650 _aDigital communication
942 _cBK
_2lcc
_kFOR
999 _c19454
_d19454